000
00306nam a2200121Ia 4500
008
190216s9999||||xx |||||||||||||| ||und||
100
_a
Sancheti And Vk Kapoor
245
0
_a
Statistic Theory Methods And Applications
260
_b
S Chand & Co
_c
1991
300
_a
1296p
650
_a
Statistics
942
_c
BK
999
_c
5495
_d
5495